[Event "AUT Ch"]
[Site "Voitsberg"]
[Date "1995.??.??"]
[Round "3"]
[White "Stanec, Nikolaus"]
[Black "Zoebisch, Herbert"]
[Result "1-0"]
[WhiteElo "2465"]
[BlackElo "2295"]
[PlyCount "67"]
[EventDate "1995.??.??"]
[Source "www.chesslib.no"]
[SourceDate "2004.05.04"]

1. c4 c5 2. Nc3 Nf6 3. g3 e6 4. Nf3 Nc6 5. Bg2 d5 6. cxd5 Nxd5 7. O-O Be7 8. d3 O-O 9. Bd2 b6 10. a3 Bb7 11. Qa4 Rc8 12. Rfc1 a6 13. Rab1 Re8 14. Ne4 h6 15. h3 f5 16. Nc3 Bf6 17. Qb3 Kh8 18. Na4 Rb8 19. e4 fxe4 20. dxe4 c4 21. Qc2 Nde7 22. Rd1 Qc7 23. Be3 Bc8 24. b3 b5 25. Nc5 cxb3 26. Rxb3 Ng6 27. Nd3 e5 28. Rc3 Nge7 29. Bc5 Qb7 30. Bd6 Nd4 31. Nxd4 exd4 32. e5 Qb6 33. Bc7 Qa7 34. Bxb8 1-0

[Event "Reggio Emilia"]
[Site "Reggio Emilia"]
[Date "1979.??.??"]
[Round "?"]
[White "Hess, Ralf"]
[Black "Adamski, Jan"]
[Result "1/2-1/2"]
[WhiteElo "2335"]
[BlackElo "2415"]
[PlyCount "41"]
[EventDate "1979.??.??"]
[Source "www.chesslib.no"]
[SourceDate "2004.05.04"]

1. c4 c5 2. Nc3 Nf6 3. g3 e6 4. Nf3 d5 5. cxd5 Nxd5 6. Bg2 Nc6 7. O-O Nf6 8. b3 Be7 9. Bb2 O-O 10. Rc1 Qa5 11. Na4 Rd8 12. Qc2 Nd5 13. a3 b6 14. Nc3 Bd7 15. Nxd5 exd5 16. d4 Rac8 17. dxc5 bxc5 18. Rfd1 Be6 19. e3 Qb6 20. Nd2 h6 21. Rb1 1/2-1/2

[Event "Mondariz 12"]
[Site "?"]
[Date "1995.??.??"]
[Round "2"]
[White "Galego Luis"]
[Black "Estremera Panos Sergio"]
[Result "1/2-1/2"]
[WhiteElo "2430"]
[BlackElo "2320"]
[PlyCount "23"]
[EventDate "1995.??.??"]
[Source "www.chesslib.no"]
[SourceDate "2004.05.04"]

1. c4 c5 2. Nc3 Nf6 3. g3 e6 4. Bg2 d5 5. cxd5 exd5 6. d3 d4 7. Ne4 Nxe4 8. Bxe4 Be7 9. Bg2 O-O 10. Nf3 Nc6 11. O-O Be6 12. Bf4 1/2-1/2

[Event "Kobanya Open"]
[Site "Kobanya"]
[Date "1991.??.??"]
[Round "10"]
[White "Borsos, Bogdan"]
[Black "Dovzik, Juri"]
[Result "0-1"]
[WhiteElo "2310"]
[BlackElo "2435"]
[PlyCount "156"]
[EventDate "1991.??.??"]
[Source "www.chesslib.no"]
[SourceDate "2004.05.04"]

1. c4 c5 2. Nc3 Nf6 3. g3 d5 4. cxd5 Nxd5 5. Bg2 Nc7 6. Nf3 Nc6 7. O-O e5 8. d3 Be7 9. Nd2 Bd7 10. f4 exf4 11. gxf4 O-O 12. Nde4 Nd4 13. Ng3 Bc6 14. Bxc6 Nxc6 15. Rf2 Nd5 16. Qb3 Nb6 17. Be3 Nd4 18. Bxd4 Qxd4 19. Nf5 Qd7 20. Nxe7+ Qxe7 21. Rf3 Rad8 22. Qa3 Nd5 23. Nxd5 Rxd5 24. e4 Rd6 25. Rg3 b6 26. Qc3 Rg6 27. Rf1 Rxg3+ 28. hxg3 Rd8 29. Kg2 Rd4 30. Rf3 Qd7 31. b3 h6 32. Qc2 a5 33. f5 a4 34. e5 axb3 35. axb3 Qd5 36. Qe2 Qxb3 37. e6 Rd8 38. d4 Qd5 39. dxc5 bxc5 40. e7 Re8 41. Kh2 Qd7 42. f6 gxf6 43. Re3 f5 44. Re5 Kg7 45. Re3 Qd6 46. Qb2+ Kg6 47. Qe2 c4 48. Kh3 Qc6 49. Kh2 c3 50. Qc2 Qd6 51. Rxc3 Qxe7 52. Rc6+ f6 53. Qb2 Rd8 54. Rc2 h5 55. Rf2 Qe5 56. Re2 Qd6 57. Kh3 Qd5 58. Kh2 Qd6 59. Kh3 Rb8 60. Qd2 Qc6 61. Qe1 Rb3 62. Kh2 Qf3 63. Rg2 Re3 64. Qf2 Qe4 65. Qa2 Qe8 66. Qc4 Re4 67. Qc2 Qb8 68. Qd2 Rh4+ 69. Kg1 Qb1+ 70. Kf2 Rh1 71. Ke2 Qb5+ 72. Ke3 Qb3+ 73. Qd3 Re1+ 74. Re2 Rxe2+ 75. Kxe2 Qxd3+ 76. Kxd3 Kg5 77. Ke3 Kg4 78. Kf2 f4 0-1

[Event "Kecskemet III-A"]
[Site "Kecskemet HUN"]
[Date "1991.??.??"]
[Round "?"]
[White "Farago, Sandor"]
[Black "Schroll, Gerhard"]
[Result "0-1"]
[WhiteElo "2410"]
[BlackElo "2330"]
[PlyCount "80"]
[EventDate "1991.??.??"]
[Source "www.chesslib.no"]
[SourceDate "2004.05.04"]

1. c4 c5 2. Nc3 Nf6 3. g3 g6 4. Bg2 Nc6 5. e3 e6 6. Nge2 Bg7 7. O-O O-O 8. d4 cxd4 9. exd4 d5 10. cxd5 Nxd5 11. Nxd5 exd5 12. Be3 Bg4 13. h3 Bxe2 14. Qxe2 Nxd4 15. Qd3 Qf6 16. Rad1 Nf3+ 17. Kh1 Rfd8 18. Qb3 d4 19. Bc1 Ne5 20. Qxb7 a6 21. Qe4 Nd7 22. Qd5 Ne5 23. Qa5 Rab8 24. b3 Rb5 25. Qa4 Qb6 26. Bd2 Nd3 27. Rb1 Qe6 28. Kg1 Rc8 29. b4 h6 30. Rb3 Ne5 31. Bf4 Nc4 32. h4 d3 33. Bf3 g5 34. hxg5 hxg5 35. Bc1 d2 36. Ba3 g4 37. Bg2 Rd8 38. Rbb1 Qe2 39. Rbd1 Rf5 40. Qb3 Nxa3 0-1

[Event "Loosdorf Open"]
[Site "Loosdorf"]
[Date "1993.??.??"]
[Round "6"]
[White "Usachyi, Mark"]
[Black "Lazarev, Vladimir"]
[Result "1/2-1/2"]
[WhiteElo "2305"]
[BlackElo "2430"]
[PlyCount "70"]
[EventDate "1993.07.??"]
[Source "www.chesslib.no"]
[SourceDate "2004.05.04"]

1. c4 c5 2. Nc3 Nf6 3. g3 d5 4. cxd5 Nxd5 5. Bg2 Nc7 6. Nf3 Nc6 7. O-O e5 8. d3 Be7 9. Be3 Ne6 10. Qd2 O-O 11. Ne1 Ned4 12. f4 exf4 13. Bxf4 Be6 14. Nf3 Qd7 15. Ng5 Bg4 16. Rf2 h6 17. Nf3 Nxf3+ 18. Bxf3 Bxf3 19. Rxf3 Rad8 20. Rd1 f5 21. h4 Bf6 22. Kg2 Nd4 23. Rf2 Ne6 24. Be3 Qc6+ 25. Kh2 Rf7 26. Rdf1 c4 27. Rxf5 cxd3 28. exd3 Rfd7 29. Qg2 Qxg2+ 30. Kxg2 Rxd3 31. Bxa7 Bxc3 32. bxc3 Ra8 33. Bf2 Rxa2 34. Re1 Ra6 35. Rb1 Rxc3 1/2-1/2

[Event "Rostock"]
[Site "Rostock"]
[Date "1985.??.??"]
[Round "3"]
[White "Vokac, Marek"]
[Black "Womacka, Mathias"]
[Result "1-0"]
[WhiteElo "2360"]
[BlackElo "2375"]
[PlyCount "97"]
[EventDate "1985.??.??"]
[Source "www.chesslib.no"]
[SourceDate "2004.05.04"]

1. c4 c5 2. Nc3 Nf6 3. g3 d5 4. cxd5 Nxd5 5. Bg2 Nc7 6. Nf3 Nc6 7. O-O e5 8. d3 Be7 9. Nd2 O-O 10. Nc4 f6 11. f4 exf4 12. gxf4 Be6 13. f5 Bf7 14. Bf4 Nd5 15. Bxd5 Bxd5 16. Nxd5 Qxd5 17. Ne3 Qf7 18. Rf2 Rad8 19. Qf1 Qh5 20. Qg2 Nd4 21. Kh1 Rf7 22. Rg1 Kh8 23. Bc7 Re8 24. Nd5 Bd8 25. Bxd8 Rxd8 26. e4 Rxd5 27. exd5 Nxf5 28. Qe4 g6 29. Qe6 Rf8 30. d6 Nd4 31. Qe4 Nc6 32. d7 Kg7 33. Rf4 Qe5 34. Qxe5 Nxe5 35. Rxf6 Kxf6 36. Rf1+ Ke7 37. Rxf8 Kxd7 38. b3 Kc6 39. Rd8 h5 40. d4 cxd4 41. Rxd4 g5 42. Rd8 h4 43. Kg2 g4 44. Rh8 Nf3 45. Rg8 Ne5 46. Rh8 Nf3 47. Rh6+ Kc5 48. Rh7 Kc6 49. Re7 1-0

[Event "Oberliga Nord O 9596"]
[Site "GER"]
[Date "1996.??.??"]
[Round "?"]
[White "Waldmann, Hans-Joachim"]
[Black "Schramm, Christian"]
[Result "0-1"]
[WhiteElo "2415"]
[BlackElo "2315"]
[PlyCount "92"]
[EventDate "1995.10.??"]
[Source "www.chesslib.no"]
[SourceDate "2004.05.04"]

1. c4 c5 2. Nc3 Nf6 3. g3 e6 4. Nf3 Be7 5. Bg2 O-O 6. O-O d6 7. d4 cxd4 8. Nxd4 a6 9. b3 Qc7 10. Bb2 Nc6 11. Rc1 Nxd4 12. Qxd4 Rb8 13. Rfd1 Rd8 14. Ne4 b6 15. Nxf6+ Bxf6 16. Qd2 Bxb2 17. Qxb2 Bb7 18. Bxb7 Rxb7 19. Rd4 a5 20. Rg4 f5 21. Rd4 Qc6 22. Qd2 a4 23. Rd1 axb3 24. axb3 Rbd7 25. Qe3 d5 26. R1d3 Kf7 27. g4 dxc4 28. Rxc4 Rxd3 29. Rxc6 Rxe3 30. fxe3 fxg4 31. Rxb6 Rd2 32. Kf2 Rb2 33. b4 h5 34. b5 Kf6 35. Rb8 Kg5 36. b6 Kh4 37. b7 g6 38. Rg8 Rxb7 39. Rxg6 Kh3 40. Rg5 h4 41. Rg6 Rb4 42. Rh6 e5 43. Rh5 e4 44. Rg5 Rb1 45. Rxg4 Kxg4 46. h3+ Kf5 0-1

[Event "Bratislava Slovan Open"]
[Site "Bratislava SVK"]
[Date "1992.??.??"]
[Round "9"]
[White "Biolek, Richard"]
[Black "Kantorik, Marian"]
[Result "1-0"]
[WhiteElo "2370"]
[BlackElo "2360"]
[PlyCount "117"]
[EventDate "1992.05.??"]
[Source "www.chesslib.no"]
[SourceDate "2004.05.04"]

1. c4 c5 2. Nc3 Nf6 3. g3 d5 4. cxd5 Nxd5 5. Bg2 Nc7 6. f4 Nc6 7. Nf3 g6 8. O-O Bg7 9. Kh1 O-O 10. d3 Rb8 11. Be3 b6 12. Qd2 Nd4 13. Bg1 Bb7 14. Rad1 Qd7 15. Bxd4 cxd4 16. Ne4 Nd5 17. Rc1 Ne3 18. Rfe1 Rbc8 19. Nf2 Nxg2 20. Kxg2 Qd5 21. a3 e5 22. Rxc8 Rxc8 23. Rc1 Re8 24. Kf1 Bh6 25. Ng4 Bg7 26. fxe5 h5 27. Nf2 Bxe5 28. Qg5 Qd6 29. Nd2 Bf6 30. Qf4 Qe6 31. Nde4 Be5 32. Qd2 h4 33. Qh6 hxg3 34. hxg3 Bxg3 35. Nxg3 Re7 36. Rc2 f5 37. Qg5 Kf7 38. Qf4 Qd5 39. Nge4 Qb3 40. Rc7 Bxe4 41. Rxe7+ Kxe7 42. dxe4 Qxb2 43. exf5 gxf5 44. Qe5+ Kd8 45. Qd6+ Kc8 46. Nd3 Qc3 47. Qe6+ Kc7 48. Qf7+ Kb8 49. Qxf5 Qxa3 50. Qe5+ Kb7 51. Qxd4 a5 52. e4 a4 53. Qd7+ Ka6 54. e5 Qb3 55. e6 a3 56. e7 a2 57. e8=Q a1=Q+ 58. Kg2 Qaa2+ 59. Kh3 1-0

[Event "5th IECC"]
[Site "Antalya"]
[Date "2004.05.21"]
[Round "6"]
[White "Yilmaz, Turham"]
[Black "Mazi, Leon"]
[Result "1-0"]
[WhiteElo "2311"]
[BlackElo "2417"]
[PlyCount "65"]
[EventDate "2004.05.15"]
[Source "Roberto Alvarez"]
[SourceDate "2004.05.31"]

1. c4 c5 2. Nc3 Nf6 3. g3 d5 4. cxd5 Nxd5 5. Bg2 Nc7 6. Nf3 Nc6 7. d3 e5 8. Nd2 Bd7 9. Nc4 Be7 10. O-O f6 11. f4 b5 12. Ne3 exf4 13. gxf4 Rb8 14. Bd2 O-O 15. f5 Re8 16. Ne4 Bf8 17. Rc1 Re5 18. Ng3 Nd4 19. Ng4 Re8 20. e3 Nc6 21. d4 c4 22. b3 Nb4 23. Bxb4 Bxb4 24. e4 Qe7 25. e5 Red8 26. Rc2 Be8 27. Kh1 fxe5 28. f6 Qe6 29. Nxe5 gxf6 30. Ng4 Nd5 31. Re2 Qd6 32. Rf5 Bf7 33. Rxd5 1-0

[Event "Moscow ol (Men)"]
[Site "Moscow"]
[Date "1994.??.??"]
[Round "4"]
[White "Vanderwaeren, Serge"]
[Black "Contin, Daniel"]
[Result "1-0"]
[WhiteElo "2300"]
[BlackElo "2425"]
[PlyCount "65"]
[EventDate "1994.11.??"]
[Source "ChessBase"]

1. c4 c5 2. Nc3 Nf6 3. g3 d5 4. cxd5 Nxd5 5. Bg2 Nc7 6. d3 g6 7. Be3 Ne6 8. Qd2 Nc6 9. Bxc6+ bxc6 10. Nf3 Rb8 11. O-O Bg7 12. b3 Nd4 13. Rac1 Bg4 14. Bxd4 cxd4 15. Ne4 f5 16. Nc5 Qd6 17. Qc2 Bh6 18. Rb1 Qd5 19. Na6 Rc8 20. Qc5 Bxf3 21. exf3 Bd2 22. Rb2 Qxc5 23. Nxc5 Bb4 24. Rc2 e5 25. Rfc1 Ke7 26. Rc4 a5 27. Na4 Kd6 28. f4 exf4 29. Nb6 Rcd8 30. Rxc6+ Ke5 31. a3 Bc3 32. Rc2 f3 33. Re2+ 1-0

[Event "YUG-chT"]
[Site "?"]
[Date "1996.??.??"]
[Round "?"]
[White "Konjevic Djordje"]
[Black "Buljovcic Ivan"]
[Result "1/2-1/2"]
[WhiteElo "2380"]
[BlackElo "2340"]
[PlyCount "115"]
[EventDate "1996.??.??"]
[Source "www.chesslib.no"]
[SourceDate "2004.05.04"]

1. c4 c5 2. Nc3 Nf6 3. g3 g6 4. b3 Bg7 5. Bb2 O-O 6. Bg2 Nc6 7. Qc1 d6 8. Nf3 e5 9. O-O h6 10. Ne1 Be6 11. Nc2 d5 12. cxd5 Nxd5 13. Ne3 Nde7 14. d3 Qd7 15. Ne4 b6 16. f4 f5 17. Nf2 Nd4 18. Qd2 Nec6 19. Nc4 Bd5 20. Nxe5 Nxe5 21. fxe5 Bxg2 22. Kxg2 Rae8 23. Rae1 Rxe5 24. e4 Ree8 25. Bxd4 Qxd4 26. exf5 Qd5+ 27. Kg1 Rxe1 28. Qxe1 Rxf5 29. Qe8+ Kh7 30. Qe4 Bd4 31. Qxd5 Rxd5 32. Kg2 Bxf2 33. Rxf2 Kg7 34. Rf3 a5 35. Kf2 a4 36. Ke3 axb3 37. axb3 h5 38. Kd2 Rd4 39. Kc3 h4 40. Re3 Kf7 41. Re1 hxg3 42. hxg3 Rg4 43. Re3 g5 44. Kd2 Kf6 45. Re8 Rb4 46. Kc3 Kf5 47. Rd8 Kg4 48. Rd5 Rd4 49. Rxd4+ cxd4+ 50. Kxd4 Kxg3 51. Ke5 Kf2 52. d4 g4 53. d5 g3 54. d6 g2 55. d7 g1=Q 56. d8=Q Qg3+ 57. Ke4 Qxb3 58. Qd2+ 1/2-1/2

[Event "Manzanillo"]
[Site "Manzanillo"]
[Date "1991.??.??"]
[Round "2"]
[White "Gonzalez, JA."]
[Black "Armas, Jorge"]
[Result "1/2-1/2"]
[WhiteElo "2320"]
[BlackElo "2400"]
[PlyCount "24"]
[EventDate "1991.??.??"]
[Source "www.chesslib.no"]
[SourceDate "2004.05.04"]

1. c4 c5 2. Nc3 Nf6 3. g3 d5 4. cxd5 Nxd5 5. Bg2 e6 6. Nf3 Nc6 7. O-O Be7 8. Nxd5 Qxd5 9. d3 O-O 10. Be3 Qd6 11. Rc1 Nd4 12. Nd2 Nf5 1/2-1/2

[Event "BEL-chT 2003-4"]
[Site "Belgium"]
[Date "2003.12.08"]
[Round "4"]
[White "Mohandesi, Shahin"]
[Black "Michiels, Bart"]
[Result "0-1"]
[WhiteElo "2329"]
[BlackElo "2390"]
[PlyCount "148"]
[EventDate "2003.10.05"]
[Source "Roberto Alvarez"]
[SourceDate "2003.12.08"]

1. c4 c5 2. Nc3 Nf6 3. g3 d5 4. cxd5 Nxd5 5. Bg2 Nc7 6. Qb3 Nc6 7. Bxc6+ bxc6 8. Nf3 f6 9. Qa4 e5 10. Qxc6+ Bd7 11. Qe4 Ne6 12. O-O Nd4 13. Nxd4 cxd4 14. Nd1 Be7 15. f3 O-O 16. Nf2 Rc8 17. b3 Be6 18. Bb2 Qd7 19. Rfc1 Bf5 20. Qh4 Bb4 21. g4 Bg6 22. d3 Bd2 23. Rc4 Bf7 24. Ba3 Bxc4 25. dxc4 Rf7 26. Ne4 Be3+ 27. Kg2 Rc6 28. Bc1 Bxc1 29. Rxc1 Qd8 30. Rc2 Rd7 31. Nf2 Qe7 32. Qh5 g6 33. Qh6 f5 34. gxf5 Rf6 35. Qg5 Rxf5 36. Qxe7 Rxe7 37. Ne4 Rf8 38. c5 Rc7 39. b4 Rb8 40. a3 Kf8 41. Nd6 Ke7 42. Kf2 Ke6 43. Nc4 Kd5 44. Na5 e4 45. fxe4+ Kxe4 46. Nb3 Rf8+ 47. Ke1 Kd5 48. Rd2 Rf4 49. Kd1 Re7 50. Nc1 Rf1+ 51. Kc2 Kc4 52. Nb3 Rf4 53. Na5+ Kd5 54. Nb3 Re3 55. Kb2 Rfe4 56. Nc1 Rh3 57. Rc2 g5 58. b5 Rc3 59. c6 Rxc2+ 60. Kxc2 Kd6 61. Kd3 Re3+ 62. Kxd4 Rxa3 63. Nd3 Ra4+ 64. Kc3 Re4 65. Nb2 Rxe2 66. Nc4+ Kc7 67. Kd4 Rxh2 68. Ne3 Rd2+ 69. Kc5 h5 70. Nd5+ Rxd5+ 71. Kxd5 h4 72. Ke4 h3 73. Kf3 g4+ 74. Kg3 a6 0-1

[Event "Lone Pine"]
[Site "Lone Pine"]
[Date "1976.??.??"]
[Round "2"]
[White "Watson, John L"]
[Black "Miles, Anthony J"]
[Result "1/2-1/2"]
[WhiteElo "2200"]
[BlackElo "2510"]
[PlyCount "92"]
[EventDate "1976.??.??"]
[Source "ChessBase"]

1. c4 c5 2. Nc3 Nf6 3. g3 e6 4. Nf3 a6 5. Bg2 Be7 6. O-O O-O 7. d4 cxd4 8. Nxd4 Qc7 9. Qd3 d6 10. b3 Bd7 11. Bb2 Nc6 12. Rac1 Nxd4 13. Qxd4 Rfd8 14. Bf3 Rab8 15. Qf4 Qa5 16. a3 Qb6 17. b4 Be8 18. g4 h6 19. g5 Nh7 20. gxh6 Bg5 21. Qg3 Bxh6 22. Ne4 Ba4 23. c5 dxc5 24. Rxc5 f5 25. Rc7 Bd7 26. Rxd7 Rxd7 27. Qxb8+ Rd8 28. Qg3 fxe4 29. Bxe4 Ng5 30. Bd3 Qc6 31. Rc1 Qd5 32. Rc4 Nf3+ 33. Qxf3 Qxf3 34. exf3 Rxd3 35. Rc7 Rb3 36. Bd4 b5 37. Rc6 Rxa3 38. Rxe6 Kf7 39. Re4 a5 40. bxa5 Rxa5 41. Bc5 Ra4 42. Re7+ Kf6 43. Rb7 Ra1+ 44. Kg2 Rb1 45. Bd4+ Kg6 46. Be3 Kf5 1/2-1/2

[Event "Ch team"]
[Site "?"]
[Date "2001.??.??"]
[Round "7"]
[White "Berkes Ferenc"]
[Black "Kovacs Gabor2"]
[Result "0-1"]
[WhiteElo "2340"]
[BlackElo "2366"]
[PlyCount "61"]
[EventDate "2001.??.??"]
[Source "www.chesslib.no"]
[SourceDate "2004.05.04"]

1. c4 c5 2. Nc3 Nf6 3. g3 d5 4. cxd5 Nxd5 5. Bg2 Nc7 6. Qa4+ Bd7 7. Qc4 Nc6 8. Qxc5 Ne6 9. Qc4 Ned4 10. Kf1 Rc8 11. Nf3 b5 12. Nxb5 Nxb5 13. Qxb5 Nd4 14. Qe5 Nc2 15. Rb1 f6 16. Qd5 Qb6 17. b3 Rc5 18. Qa8+ Kf7 19. d4 Rc8 20. Qd5+ Be6 21. Qe4 g6 22. Qf4 Bf5 23. g4 Ne3+ 24. Bxe3 Bxb1 25. d5 Qd6 26. Qa4 Kg8 27. Nd4 h5 28. g5 fxg5 29. Nc6 e6 30. Qc4 Kh7 31. dxe6 0-1

[Event "Kamen Piskov Memorial 3rd"]
[Site "Ruse"]
[Date "1983.??.??"]
[Round "13"]
[White "Gunev, Zlatan"]
[Black "Cserna, Laszlo"]
[Result "0-1"]
[WhiteElo "2310"]
[BlackElo "2385"]
[PlyCount "120"]
[EventDate "1983.06.??"]
[Source "www.chesslib.no"]
[SourceDate "2004.05.04"]

1. c4 c5 2. Nc3 Nf6 3. g3 d5 4. cxd5 Nxd5 5. Bg2 Nc7 6. Nf3 Nc6 7. O-O e5 8. d3 Be7 9. b3 O-O 10. Bb2 Be6 11. Rc1 f6 12. Nd2 Qd7 13. Re1 Rac8 14. Nc4 b6 15. Qd2 Rfd8 16. Rcd1 Nd4 17. Qc1 Bg4 18. Ne3 Bh5 19. Qd2 Kh8 20. Bb7 Rb8 21. Bg2 Na6 22. Ncd5 Bf8 23. h3 Bf7 24. Ba1 Re8 25. Qb2 Rbc8 26. Rc1 Nc7 27. Nxc7 Rxc7 28. Qd2 Be6 29. Kh2 Rcc8 30. Bc3 Bd6 31. Qb2 Bf8 32. Rcd1 b5 33. Nc2 Be7 34. e3 Nxc2 35. Qxc2 Bd5 36. Qe2 Bd8 37. Bb2 Ba5 38. Rf1 Red8 39. Bxd5 Qxd5 40. e4 Qe6 41. f4 exf4 42. Rxf4 c4 43. bxc4 bxc4 44. dxc4 Rxd1 45. Qxd1 Qxc4 46. Rf2 Qxe4 47. Bd4 a6 48. Re2 Qd5 49. Qa4 h6 50. Bb2 Bc7 51. Qg4 Rd8 52. h4 Qf7 53. Kg2 Rd3 54. Qc8+ Kh7 55. Qf5+ Qg6 56. Qxg6+ Kxg6 57. g4 Rg3+ 58. Kf2 Rxg4 59. Re7 Rxh4 60. Bxf6 Kxf6 0-1

[Event "Catalunya-chT"]
[Site "?"]
[Date "1998.??.??"]
[Round "6"]
[White "Ubach Miralda Marcelo"]
[Black "Armengol Comas Joaquim"]
[Result "1-0"]
[WhiteElo "2405"]
[BlackElo "2290"]
[PlyCount "107"]
[EventDate "1998.??.??"]
[Source "www.chesslib.no"]
[SourceDate "2004.05.04"]

1. c4 c5 2. Nc3 Nf6 3. g3 d5 4. cxd5 Nxd5 5. Bg2 Nc7 6. Nf3 Nc6 7. Qa4 Bd7 8. Qe4 g6 9. Ne5 Bg7 10. Nxd7 Qxd7 11. O-O O-O 12. d3 Ne6 13. Be3 Rac8 14. Rfc1 Ned4 15. Bxd4 Nxd4 16. Rab1 b6 17. e3 Nf5 18. b4 Bxc3 19. Rxc3 cxb4 20. Qxb4 Rxc3 21. Qxc3 Rc8 22. Qb3 e6 23. d4 Rc7 24. d5 e5 25. Bh3 Qd6 26. Bxf5 gxf5 27. Rd1 Rc5 28. Qd3 e4 29. Qd4 b5 30. Qb4 Kg7 31. Kg2 a5 32. Qxa5 Rxd5 33. Rxd5 Qxd5 34. a4 Qd1 35. axb5 Qf3+ 36. Kg1 Qd1+ 37. Kg2 Qf3+ 38. Kf1 Qh1+ 39. Ke2 Qf3+ 40. Ke1 Qh1+ 41. Kd2 Qf1 42. Qc3+ Kg6 43. Qc6+ Kg5 44. Kc3 Qxf2 45. Kd4 Qb2+ 46. Kd5 Qb3+ 47. Ke5 Qb2+ 48. Kd6 Qxh2 49. Ke7 Qb2 50. b6 Kg4 51. Qc7 Kf3 52. b7 Kxe3 53. b8=Q Qxb8 54. Qxb8 1-0

[Event "Ruhrgebiet VK1 9697"]
[Site "?"]
[Date "1996.??.??"]
[Round "?"]
[White "Kuhn Manfred"]
[Black "Lazarev Vladimir"]
[Result "0-1"]
[WhiteElo "2240"]
[BlackElo "2450"]
[PlyCount "78"]
[EventDate "1996.??.??"]
[Source "www.chesslib.no"]
[SourceDate "2004.05.04"]

1. c4 c5 2. Nc3 Nf6 3. g3 d5 4. cxd5 Nxd5 5. Bg2 Nc7 6. Nf3 Nc6 7. O-O e5 8. d3 Be7 9. Nd2 Bd7 10. Nc4 f6 11. f4 b5 12. Ne3 exf4 13. gxf4 Rc8 14. Ned5 Nxd5 15. Nxd5 Be6 16. Nxe7 Qxe7 17. e4 O-O 18. Be3 Rfd8 19. Rf2 Rc7 20. Rd2 Rcd7 21. Qc2 c4 22. dxc4 Rxd2 23. Bxd2 Qc5+ 24. Kh1 Qf2 25. Rf1 Qxd2 26. Qxd2 Rxd2 27. cxb5 Nd4 28. a4 Rxb2 29. h3 Ra2 30. f5 Bb3 31. Rc1 h5 32. Rc7 Rxa4 33. Rb7 Bc4 34. b6 axb6 35. Rxb6 Ra1+ 36. Kh2 Ra2 37. Rb1 Kh7 38. Rd1 Nf3+ 39. Kg3 Ne5 0-1

[Event "Open 2004"]
[Site "?"]
[Date "2005.01.01"]
[Round "8.9"]
[White "Neuman Petr"]
[Black "Krejci Jakub"]
[Result "1-0"]
[WhiteElo "2433"]
[BlackElo "2257"]
[PlyCount "114"]
[EventDate "2005.??.??"]
[Source "www.chesslib.no"]
[SourceDate "2004.05.04"]

1. c4 c5 2. Nc3 Nf6 3. g3 d5 4. cxd5 Nxd5 5. Bg2 Nc7 6. Qb3 Nc6 7. Bxc6+ bxc6 8. Qa4 Bd7 9. Nf3 f6 10. d3 e5 11. Be3 Ne6 12. O-O Be7 13. Rfc1 Nd4 14. Bxd4 cxd4 15. Ne4 Qb6 16. Nfd2 Qb4 17. Qxb4 Bxb4 18. Nb3 Rb8 19. Rc2 Rb5 20. Nec5 Bxc5 21. Nxc5 Ke7 22. Rac1 Rc8 23. b3 Be8 24. Kf1 Bf7 25. e3 dxe3 26. fxe3 Bg6 27. Ke2 Rd8 28. Rc4 a5 29. e4 Bf7 30. R4c3 Ra8 31. Na4 Be8 32. Rc5 Rab8 33. R5c4 Rb4 34. R4c2 R4b5 35. Ke3 Rd8 36. Rc4 Rdb8 37. Nb2 Rb4 38. Rc5 R4b5 39. Rxb5 Rxb5 40. Rc4 Rb4 41. Rc5 Rb5 42. Rc3 Kd7 43. Nc4 Bf7 44. a4 Rb4 45. Nxa5 Rb6 46. Kd2 Kd6 47. Rc1 c5 48. Ke3 Rb4 49. Nc4+ Bxc4 50. dxc4 Kc6 51. Rd1 Rb8 52. g4 h5 53. Rg1 hxg4 54. Rxg4 g5 55. h4 gxh4 56. Rxh4 Rg8 57. Rh7 Rg3+ 1-0

[Event "Gothenburg"]
[Site "Goteborg SWE"]
[Date "1989.??.??"]
[Round "4"]
[White "Andreasson, Ingvar"]
[Black "Carlhammar, Magnus"]
[Result "0-1"]
[WhiteElo "2395"]
[BlackElo "2285"]
[PlyCount "62"]
[EventDate "1989.??.??"]
[Source "www.chesslib.no"]
[SourceDate "2004.05.04"]

1. c4 c5 2. Nc3 Nf6 3. g3 d5 4. cxd5 Nxd5 5. Bg2 Nc7 6. Nf3 Nc6 7. O-O e5 8. d3 Be7 9. Nd2 Bd7 10. Nc4 O-O 11. Kh1 b5 12. Ne3 Rb8 13. Bd2 Nd4 14. f4 exf4 15. Rxf4 Re8 16. Rf2 Be6 17. Nc2 b4 18. Nxd4 cxd4 19. Na4 b3 20. axb3 Bxb3 21. Qc1 Ne6 22. Qc6 Qd6 23. Qf3 Rf8 24. Nc3 dxc3 25. Bxc3 Bd8 26. Rxa7 Bb6 27. Ra6 Nc7 28. Rxb6 Rxb6 29. e4 Nb5 30. e5 Qd7 31. Bb4 Nd4 0-1

[Event "Las Vegas"]
[Site "?"]
[Date "1996.??.??"]
[Round "?"]
[White "Watson John L"]
[Black "Van Buskirk Charles"]
[Result "1-0"]
[WhiteElo "2385"]
[BlackElo "2290"]
[PlyCount "95"]
[EventDate "1996.??.??"]
[Source "www.chesslib.no"]
[SourceDate "2004.05.04"]

1. c4 c5 2. Nc3 Nf6 3. g3 d5 4. cxd5 Nxd5 5. Bg2 Nc7 6. Nf3 Nc6 7. O-O e5 8. Ne1 Bg4 9. Bxc6+ bxc6 10. Qa4 Qd7 11. Nd3 f6 12. f3 Bf5 13. Nf2 Be7 14. d3 O-O 15. Be3 Rfb8 16. Rab1 Rb4 17. Qa5 Ne6 18. Nfe4 Bxe4 19. dxe4 Rab8 20. Rfd1 Nd4 21. b3 Qb7 22. Bxd4 cxd4 23. Na4 Rb5 24. Qd2 Ba3 25. Kg2 c5 26. Qd3 Qf7 27. Ra1 h6 28. Rd2 Qe6 29. Rc2 a6 30. Rd1 Kf7 31. Rc4 Qd6 32. Rd2 Kf8 33. Rdc2 Kg8 34. e3 Rd8 35. Rd2 Bb4 36. Rd1 Ba3 37. Nc3 Rbb8 38. Nd5 dxe3 39. Ra4 c4 40. Qxc4 Kh8 41. Nxe3 Qf8 42. Rxd8 Rxd8 43. Nd5 Bb2 44. Rxa6 Rc8 45. Rc6 Rxc6 46. Qxc6 Qa3 47. Qe8+ Kh7 48. Ne7 1-0

[Event "Corr"]
[Site "corr"]
[Date "1991.??.??"]
[Round "?"]
[White "Hass, M."]
[Black "Bruederle, K."]
[Result "0-1"]
[WhiteElo "2275"]
[BlackElo "2400"]
[PlyCount "86"]
[EventDate "1991.??.??"]
[Source "www.chesslib.no"]
[SourceDate "2004.05.04"]

1. c4 c5 2. Nc3 Nf6 3. g3 d5 4. cxd5 Nxd5 5. Bg2 Nc7 6. b3 e5 7. Bb2 Be7 8. Rc1 O-O 9. Nf3 f6 10. O-O Nc6 11. Na4 b6 12. Nh4 Qe8 13. a3 Be6 14. b4 Rc8 15. bxc5 b5 16. Nc3 Nd4 17. e3 Nb3 18. Rb1 Rd8 19. Ne4 Bc4 20. Re1 Bxc5 21. Bxe5 fxe5 22. Rxb3 Be7 23. Nf3 Qh5 24. h3 Qf5 25. Qb1 Kh8 26. g4 Qe6 27. Rc3 Nd5 28. Rxc4 bxc4 29. Qa1 Nb6 30. Nxe5 Rd5 31. f4 Ra5 32. Qc1 h6 33. Qb2 Rc8 34. Ra1 Nd7 35. Nf3 Qxe4 36. Ne5 c3 37. Qa2 Qxe5 38. fxe5 Rxa3 39. dxc3 Rxa2 40. Rxa2 Bc5 41. e6 Bxe3+ 42. Kf1 Nf6 43. Re2 Rxc3 0-1

[Event "Benidorm Open"]
[Site "Benidorm"]
[Date "1989.??.??"]
[Round "?"]
[White "Bevia, Luis Martinez"]
[Black "Fernandez Aguado, Enrique"]
[Result "1-0"]
[WhiteElo "2290"]
[BlackElo "2380"]
[PlyCount "109"]
[EventDate "1989.04.??"]
[Source "www.chesslib.no"]
[SourceDate "2004.05.04"]

1. c4 c5 2. Nc3 Nf6 3. g3 d5 4. cxd5 Nxd5 5. Bg2 Nc7 6. a3 e5 7. b4 Nd7 8. Rb1 Rb8 9. Nf3 Be7 10. O-O O-O 11. bxc5 Bxc5 12. Ne4 Be7 13. d4 f5 14. Qb3+ Kh8 15. Neg5 e4 16. Nf7+ Rxf7 17. Qxf7 exf3 18. exf3 Nf8 19. d5 Nxd5 20. Bb2 Bf6 21. Bxf6 Nxf6 22. Rbd1 Bd7 23. Rfe1 Ng6 24. Re6 b5 25. f4 Rb6 26. Bc6 Qg8 27. Rxd7 Nxd7 28. Qxd7 Rb8 29. Rd6 Qf8 30. h4 Ne7 31. Bxb5 Ng8 32. Ra6 Nf6 33. Qxf5 Qe7 34. Bd3 Re8 35. h5 Qb7 36. Re6 Rc8 37. Re1 h6 38. a4 Rd8 39. Rb1 Qc7 40. Qg6 Rd5 41. Be2 Rc5 42. Rb4 Rc1+ 43. Kg2 Rc2 44. Rb8+ Qxb8 45. Qxc2 Qe8 46. Qd1 a5 47. Bf3 Qe7 48. Qd3 Qc7 49. Qf5 Kg8 50. g4 Qd7 51. Qxa5 Nxg4 52. Qd5+ Qxd5 53. Bxd5+ Kf8 54. a5 Nf6 55. Bc6 1-0